000 00539cam a2200205ua 4500
001 5389
005 20260515113856.0
008 150219n ii |||gr||||Z||||||asm
020 _a978-81-7213-154-8
040 _cMAIN
041 _aasm
082 _a891.451
100 _aNath, Dhurbajyoti,
_eAuthor,
245 _aSahitya: prasanga aru anusanga
_cby Dhurbajyoti Nath
250 _a1st.
260 _aGuwahati:
_bPurbanchal Prakash,
_c2012.
300 _a96p:
_c18cm.
653 _aEast Indo-European & Celtic literatures
942 _cBK
999 _c4566
_d4566